[Event "Olomouc Chess Summer 2022 - D"]
[Site "Olomouc (CZE), Hotel Flora"]
[Date "2022.08.19"]
[Round "8"]
[Board "7"]
[White "Kubicek, Antonin"]
[Black "Kudrlicka, Ladislav"]
[Result "1/2-1/2"]
[WhiteElo "2084"]
[BlackElo "2003"]
[PlyCount "0"]
[EventDate "2022.08.13"]
[EventRounds "9"]
[EventCountry "CZE"]

1. c4 {[%clk 1:30:53]} e6 {[%clk 1:30:41]} 2. Nf3 {[%clk 1:30:06]} d5
{[%clk 1:30:31]} 3. g3 {[%clk 1:29:35]} Nf6 {[%clk 1:29:25]} 4. Bg2
{[%clk 1:29:59]} c6 {[%clk 1:29:03]} 5. b3 {[%clk 1:29:54]} Nbd7 {[%clk 1:28:57]}
6. Bb2 {[%clk 1:29:49]} Bd6 {[%clk 1:29:05]} 7. d4 {[%clk 1:29:19]} O-O
{[%clk 1:26:01]} 8. O-O {[%clk 1:29:43]} Ne4 {[%clk 1:23:59]} 9. Nbd2
{[%clk 1:26:03]} f5 {[%clk 1:21:42]} 10. Ne5 {[%clk 1:22:44]} Ndf6
{[%clk 1:09:24]} 11. f3 {[%clk 1:15:36]} Nxd2 {[%clk 1:04:43]} 12. Qxd2
{[%clk 1:16:03]} Bd7 {[%clk 0:56:57]} 13. Qc2 {[%clk 1:09:32]} Rc8
{[%clk 0:53:46]} 14. e4 {[%clk 1:05:42]} fxe4 {[%clk 0:47:34]} 15. fxe4 Be8
{[%clk 0:32:57]} 16. h3 {[%clk 0:58:36]} Qc7 {[%clk 0:25:44]} 17. Rac1
{[%clk 0:52:02]} dxe4 {[%clk 0:20:31]} 18. Bxe4 {[%clk 0:50:55]} c5
{[%clk 0:20:11]} 19. Rce1 {[%clk 0:48:32]} Bxe5 {[%clk 0:09:15]} 20. dxe5
{[%clk 0:47:56]} Nxe4 {[%clk 0:09:43]} 21. Rxf8+ {[%clk 0:47:33]} Kxf8
{[%clk 0:10:11]} 22. Qxe4 {[%clk 0:47:28]} Kg8 {[%clk 0:10:32]} 23. Qg4
{[%clk 0:47:17]} Qe7 {[%clk 0:10:20]} 24. Rd1 {[%clk 0:46:04]} Bc6
{[%clk 0:08:28]} 25. Rd6 {[%clk 0:45:27]} Re8 {[%clk 0:08:56]} 26. Ba3
{[%clk 0:45:01]} Qf7 {[%clk 0:08:19]} 27. Bxc5 {[%clk 0:44:24]} h5
{[%clk 0:08:41]} 28. Qe2 {[%clk 0:42:01]} Qf5 {[%clk 0:07:45]} 29. Kh2
{[%clk 0:40:25]} h4 {[%clk 0:06:33]} 30. Rd4 {[%clk 0:33:05]} Qb1
{[%clk 0:06:03]} 31. Rd1 {[%clk 0:32:26]} Qf5 {[%clk 0:06:25]} 32. Rg1
{[%clk 0:31:43]} Rd8 {[%clk 0:05:24]} 33. Bd6 {[%clk 0:31:54]} Rd7
{[%clk 0:05:42]} 34. Rf1 {[%clk 0:27:03]} hxg3+ {[%clk 0:05:49]} 35. Kxg3
{[%clk 0:27:30]} Qg5+ {[%clk 0:06:00]} 36. Kh2 {[%clk 0:23:37]} Rf7
{[%clk 0:05:36]}  1/2-1/2

[Event "Olomouc Chess Summer 2022 - D"]
[Site "Olomouc (CZE), Hotel Flora"]
[Date "2022.08.19"]
[Round "8"]
[Board "8"]
[White "Mlynek, Petr"]
[Black "Kastner, Oldrich"]
[Result "0-1"]
[WhiteElo "2047"]
[BlackElo "2006"]
[PlyCount "0"]
[EventDate "2022.08.13"]
[EventRounds "9"]
[EventCountry "CZE"]

1. d4 {[%clk 1:30:57]} Nf6 {[%clk 1:30:45]} 2. c4 {[%clk 1:31:17]} e6
{[%clk 1:30:55]} 3. g3 {[%clk 1:31:30]} d5 {[%clk 1:31:05]} 4. Nf3
{[%clk 1:31:51]} c6 {[%clk 1:30:59]} 5. Qc2 {[%clk 1:32:03]} Nbd7
{[%clk 1:30:20]} 6. Bg2 {[%clk 1:32:03]} b6 {[%clk 1:29:45]} 7. O-O
{[%clk 1:31:33]} Be7 {[%clk 1:29:46]} 8. Nbd2 {[%clk 1:31:36]} Bb7
{[%clk 1:29:07]} 9. e4 {[%clk 1:22:30]} dxc4 {[%clk 1:22:18]} 10. Nxc4
{[%clk 1:21:32]} c5 {[%clk 1:20:54]} 11. e5 {[%clk 1:13:29]} Nd5 {[%clk 1:21:07]}
12. Bg5 {[%clk 1:12:26]} Nb4 {[%clk 1:12:36]} 13. Qb1 {[%clk 1:08:59]} f6
{[%clk 1:08:42]} 14. exf6 {[%clk 1:07:55]} gxf6 {[%clk 1:07:13]} 15. Bf4
{[%clk 1:04:51]} Nf8 {[%clk 1:04:59]} 16. dxc5 {[%clk 0:52:08]} Bxc5
{[%clk 1:05:13]} 17. Rd1 {[%clk 0:51:48]} Nd5 {[%clk 1:04:53]} 18. Qe4 Qe7 19.
Nd4 {[%clk 0:41:00]} Rd8 {[%clk 0:51:19]} 20. Bf3 {[%clk 0:32:36]} Nxf4
{[%clk 0:46:54]} 21. Nc6 {[%clk 0:25:48]} Rxd1+ {[%clk 0:38:03]} 22. Rxd1
{[%clk 0:26:00]} N4g6 {[%clk 0:28:11]} 23. a3 {[%clk 0:19:14]} Qc7
{[%clk 0:24:12]} 24. b4 {[%clk 0:19:25]} Be7 {[%clk 0:17:15]} 25. b5
{[%clk 0:19:37]} Kf7 {[%clk 0:15:18]} 26. Qd3 {[%clk 0:19:04]} Bxc6
{[%clk 0:12:37]} 27. bxc6 {[%clk 0:17:44]} Ne5 {[%clk 0:10:36]} 28. Nxe5+
{[%clk 0:15:22]} Qxe5 {[%clk 0:10:41]} 29. Qc4 {[%clk 0:14:48]} Qc7
{[%clk 0:08:31]} 30. Bh5+ {[%clk 0:14:50]} Kg7 {[%clk 0:06:54]} 31. Be8
{[%clk 0:13:43]} h5 {[%clk 0:06:15]} 32. f4 {[%clk 0:12:44]} f5 {[%clk 0:04:10]}
33. Kg2 {[%clk 0:10:38]} h4 {[%clk 0:04:02]} 34. Bd7 {[%clk 0:10:33]} hxg3
{[%clk 0:03:36]} 35. hxg3 {[%clk 0:10:46]} Rh6 {[%clk 0:03:04]} 36. a4
{[%clk 0:10:29]} a5 {[%clk 0:02:53]} 37. Qd4+ {[%clk 0:10:38]} Bf6
{[%clk 0:02:44]} 38. Qd6 {[%clk 0:10:42]} Bd8 {[%clk 0:02:30]} 39. Qd4+
{[%clk 0:10:40]} Bf6 {[%clk 0:02:00]} 40. Qc4 {[%clk 0:10:56]} e5
{[%clk 0:01:17]} 41. Qa6 {[%clk 0:06:36]} exf4 {[%clk 0:29:43]} 42. Qb7
{[%clk 0:36:39]} Qe5 {[%clk 0:26:23]} 43. Bxf5+ {[%clk 0:34:56]} Kh8
{[%clk 0:24:13]} 44. Bg4 {[%clk 0:34:19]} Qe4+ {[%clk 0:23:17]} 45. Bf3
{[%clk 0:34:15]} Qc2+ {[%clk 0:23:15]} 46. Kf1 {[%clk 0:34:23]} fxg3
{[%clk 0:21:10]} 47. Qxb6 {[%clk 0:34:10]} g2+ {[%clk 0:21:17]}  0-1

[Event "Olomouc Chess Summer 2022 - D"]
[Site "Olomouc (CZE), Hotel Flora"]
[Date "2022.08.19"]
[Round "8"]
[Board "9"]
[White "Mikulas, Dusan"]
[Black "Zidu, Jan"]
[Result "1-0"]
[WhiteElo "2045"]
[BlackElo "1815"]
[PlyCount "0"]
[EventDate "2022.08.13"]
[EventRounds "9"]
[EventCountry "CZE"]

1. e4 {[%clk 1:30:59]} e5 {[%clk 1:30:57]} 2. Nf3 {[%clk 1:31:19]} Nf6
{[%clk 1:31:22]} 3. Nc3 {[%clk 1:31:32]} Nc6 {[%clk 1:31:48]} 4. d4
{[%clk 1:31:50]} exd4 {[%clk 1:32:14]} 5. Nxd4 {[%clk 1:32:16]} Bb4
{[%clk 1:32:24]} 6. Nxc6 {[%clk 1:32:14]} bxc6 {[%clk 1:32:52]} 7. Bd3
{[%clk 1:31:52]} d5 {[%clk 1:33:21]} 8. exd5 {[%clk 1:31:41]} cxd5
{[%clk 1:33:50]} 9. O-O {[%clk 1:31:50]} O-O {[%clk 1:34:17]} 10. Bg5
{[%clk 1:30:17]} c6 {[%clk 1:34:46]} 11. Qf3 {[%clk 1:26:19]} h6 {[%clk 1:33:23]}
12. Bh4 {[%clk 1:23:37]} g5 {[%clk 1:27:32]} 13. Qg3 {[%clk 1:10:00]} Bd6
{[%clk 1:25:29]} 14. f4 {[%clk 1:05:30]} Nh5 {[%clk 1:13:49]} 15. Qf3
{[%clk 0:57:46]} Nxf4 {[%clk 1:13:07]} 16. Bf2 {[%clk 0:55:30]} Qc7
{[%clk 0:54:04]} 17. g3 Nxd3 {[%clk 0:48:09]} 18. cxd3 {[%clk 0:51:42]} f5
{[%clk 0:46:16]} 19. Nxd5 {[%clk 0:46:41]} Qf7 {[%clk 0:42:31]} 20. Nc3
{[%clk 0:40:28]} Bb7 {[%clk 0:41:14]} 21. d4 {[%clk 0:38:14]} Rac8
{[%clk 0:38:46]} 22. Rad1 {[%clk 0:35:25]} Bb4 {[%clk 0:32:34]} 23. a3
{[%clk 0:34:05]} Ba5 {[%clk 0:29:40]} 24. b4 {[%clk 0:29:48]} Bb6
{[%clk 0:29:50]} 25. Qd3 {[%clk 0:29:03]} Rcd8 {[%clk 0:27:42]} 26. a4
{[%clk 0:19:46]} Bc7 {[%clk 0:13:35]} 27. a5 {[%clk 0:15:49]} Bd6
{[%clk 0:13:12]} 28. Rb1 {[%clk 0:15:11]} a6 {[%clk 0:12:10]} 29. Qc2
{[%clk 0:14:21]} Qc4 {[%clk 0:11:52]} 30. Qa2 {[%clk 0:13:59]} Qxa2
{[%clk 0:12:05]} 31. Nxa2 {[%clk 0:14:26]} f4 {[%clk 0:11:46]} 32. gxf4
{[%clk 0:11:56]} Bxf4 {[%clk 0:12:14]} 33. Rfe1 {[%clk 0:09:33]} Bxh2+
{[%clk 0:10:11]} 34. Kf1 {[%clk 0:08:41]} Bg3 {[%clk 0:09:48]} 35. Rb2
{[%clk 0:08:28]} Rxd4 {[%clk 0:09:10]} 36. Re7 {[%clk 0:07:23]} Bc8
{[%clk 0:07:37]} 37. Nc3 {[%clk 0:07:13]} Bxf2 {[%clk 0:06:12]} 38. Rxf2
{[%clk 0:07:30]} Rxf2+ {[%clk 0:05:13]} 39. Kxf2 {[%clk 0:07:54]} Bf5
{[%clk 0:04:12]} 40. Ra7 {[%clk 0:06:38]} Rc4 {[%clk 0:02:18]} 41. Nd1
{[%clk 0:03:35]} Rxb4 {[%clk 0:01:11]} 42. Rxa6 {[%clk 0:02:11]} Ra4
{[%clk 0:28:50]} 43. Rxc6 {[%clk 0:31:26]} Kg7 {[%clk 0:28:09]} 44. a6
{[%clk 0:31:17]} Bd3 {[%clk 0:26:40]} 45. Rc7+ {[%clk 0:28:15]} Kg6
{[%clk 0:25:34]} 46. a7 {[%clk 0:28:36]} Ra6 {[%clk 0:19:57]} 47. Rc6+
{[%clk 0:28:56]} Rxc6 {[%clk 0:19:46]} 48. a8=Q {[%clk 0:29:18]} Rf6+
{[%clk 0:20:04]} 49. Kg3 {[%clk 0:28:22]} Bf5 {[%clk 0:18:01]} 50. Qg8+
{[%clk 0:24:38]} Kh5 {[%clk 0:18:30]} 51. Qe8+ {[%clk 0:24:09]} Rg6
{[%clk 0:18:18]} 52. Qe2+ {[%clk 0:23:09]} g4 {[%clk 0:18:46]} 53. Qh2+
{[%clk 0:23:30]}  1-0

[Event "Olomouc Chess Summer 2022 - D"]
[Site "Olomouc (CZE), Hotel Flora"]
[Date "2022.08.19"]
[Round "8"]
[Board "10"]
[White "Ni, Polina"]
[Black "Heppell, Ian N"]
[Result "1/2-1/2"]
[WhiteElo "1871"]
[BlackElo "2031"]
[PlyCount "0"]
[EventDate "2022.08.13"]
[EventRounds "9"]
[EventCountry "CZE"]

1. e4 {[%clk 1:30:56]} e5 {[%clk 1:30:56]} 2. Nf3 {[%clk 1:31:22]} d6
{[%clk 1:31:16]} 3. Bc4 {[%clk 1:30:46]} Be7 {[%clk 1:31:33]} 4. O-O
{[%clk 1:29:06]} Nf6 {[%clk 1:30:50]} 5. Re1 {[%clk 1:29:20]} O-O
{[%clk 1:30:14]} 6. c3 {[%clk 1:27:45]} Nbd7 {[%clk 1:19:41]} 7. d4
{[%clk 1:26:36]} c6 {[%clk 1:19:54]} 8. Bb3 {[%clk 1:19:56]} Qc7 {[%clk 1:13:26]}
9. Nbd2 {[%clk 1:17:23]} b5 {[%clk 1:09:33]} 10. Nf1 {[%clk 1:14:00]} a5
{[%clk 1:06:06]} 11. a3 {[%clk 1:05:59]} Nb6 {[%clk 0:56:10]} 12. Ng3
{[%clk 0:59:36]} c5 {[%clk 0:56:08]} 13. d5 {[%clk 0:56:51]} c4 {[%clk 0:47:20]}
14. Bc2 Bd7 15. Nh4 {[%clk 0:44:40]} Rfb8 {[%clk 0:36:28]} 16. Nhf5
{[%clk 0:42:22]} Bf8 {[%clk 0:34:53]} 17. Nh5 {[%clk 0:40:00]} Nxh5
{[%clk 0:34:08]} 18. Qxh5 {[%clk 0:37:19]} Bxf5 {[%clk 0:33:53]}  1/2-1/2

[Event "Olomouc Chess Summer 2022 - D"]
[Site "Olomouc (CZE), Hotel Flora"]
[Date "2022.08.19"]
[Round "8"]
[Board "11"]
[White "Prucek, Ladislav"]
[Black "Krejci, Jan"]
[Result "0-1"]
[WhiteElo "1834"]
[BlackElo "2055"]
[PlyCount "0"]
[EventDate "2022.08.13"]
[EventRounds "9"]
[EventCountry "CZE"]

1. e4 e5 2. Nf3 Nf6 3. Nc3 Nc6 4. d4 exd4 5. Nxd4 Bb4 6. Nxc6 bxc6 7. Bd2 O-O 8.
Bd3 Re8 9. f3 d5 10. Qe2 dxe4 11. Nxe4 Nxe4 12. fxe4 Bxd2+ 13. Qxd2 Bg4 14. Rb1
Bf5 15. Qe3 Bxe4 16. Bxe4 Qh4+ 17. g3 Rxe4 18. gxh4 Rxe3+ 19. Kf2 Rae8 20. Rhe1
Rxe1 21. Rxe1 Rxe1 22. Kxe1 h5 23. Ke2 f5 24. Ke3 Kf7 25. Kf4 Kf6 26. b4 g6 27.
a4 Ke6 28. b5 cxb5 29. axb5 Kd5 30. Kg5 Kc4 31. Kxg6 f4 32. Kxh5 f3 33. Kg6 f2
34. h5 f1=Q 35. h6 Qg2+  0-1

[Event "Olomouc Chess Summer 2022 - D"]
[Site "Olomouc (CZE), Hotel Flora"]
[Date "2022.08.19"]
[Round "8"]
[Board "12"]
[White "Molnar, Jiri"]
[Black "Jerman, Richard"]
[Result "1-0"]
[WhiteElo "1797"]
[BlackElo "2038"]
[PlyCount "0"]
[EventDate "2022.08.13"]
[EventRounds "9"]
[EventCountry "CZE"]

1. e4 {[%clk 1:29:54]} c6 {[%clk 1:30:56]} 2. d4 {[%clk 1:30:01]} g6
{[%clk 1:31:21]} 3. Bc4 {[%clk 1:28:25]} d5 {[%clk 1:30:19]} 4. exd5
{[%clk 1:28:05]} cxd5 {[%clk 1:30:44]} 5. Bb3 {[%clk 1:27:50]} Nf6
{[%clk 1:30:20]} 6. Nf3 {[%clk 1:27:43]} Bg4 {[%clk 1:26:48]} 7. h3
{[%clk 1:26:36]} Bxf3 {[%clk 1:27:13]} 8. Qxf3 {[%clk 1:26:23]} Bg7
{[%clk 1:26:56]} 9. c3 {[%clk 1:23:57]} O-O {[%clk 1:27:06]} 10. Bf4
{[%clk 1:23:08]} e6 {[%clk 1:26:44]} 11. Nd2 {[%clk 1:22:34]} Qb6
{[%clk 1:24:57]} 12. O-O {[%clk 1:21:14]} a5 {[%clk 1:23:47]} 13. a4
{[%clk 1:20:03]} Nbd7 {[%clk 1:19:48]} 14. Rfe1 {[%clk 1:18:06]} Rfc8
{[%clk 1:18:34]} 15. Rab1 {[%clk 1:17:18]} Qa6 {[%clk 1:16:05]} 16. Qe3
{[%clk 1:12:45]} Nb6 {[%clk 1:10:20]} 17. Bh6 {[%clk 1:10:58]} Bh8
{[%clk 1:08:31]} 18. Nf3 {[%clk 1:06:09]} Nc4 {[%clk 1:05:54]} 19. Bxc4
{[%clk 1:00:31]} dxc4 {[%clk 0:58:46]} 20. Ne5 Rc7 21. Qf4 {[%clk 0:50:24]} Nd5
{[%clk 0:49:49]} 22. Qg3 {[%clk 0:46:13]} Qd6 {[%clk 0:47:11]} 23. Qh4
{[%clk 0:41:45]} Qd8 {[%clk 0:38:06]} 24. Qg4 {[%clk 0:38:11]} Qe8
{[%clk 0:36:34]} 25. Qd1 {[%clk 0:32:26]} Bg7 {[%clk 0:35:47]} 26. Ng4
{[%clk 0:32:20]} Bxh6 {[%clk 0:31:59]} 27. Nxh6+ {[%clk 0:32:33]} Kg7
{[%clk 0:32:24]} 28. Ng4 {[%clk 0:30:43]} h5 {[%clk 0:30:37]} 29. Ne5
{[%clk 0:30:43]} Qe7 {[%clk 0:29:21]} 30. Re4 {[%clk 0:30:10]} Rb8
{[%clk 0:24:44]} 31. Qe2 {[%clk 0:28:20]} f5 {[%clk 0:23:54]} 32. Nxg6
{[%clk 0:28:29]} Qg5 {[%clk 0:18:17]} 33. Rxe6 {[%clk 0:27:57]} Nf6
{[%clk 0:16:36]} 34. Ne5 {[%clk 0:25:00]} Kh7 {[%clk 0:16:15]} 35. Nf3
{[%clk 0:24:55]} Qg7 {[%clk 0:16:32]} 36. Qe5 {[%clk 0:24:41]}  1-0

[Event "Olomouc Chess Summer 2022 - D"]
[Site "Olomouc (CZE), Hotel Flora"]
[Date "2022.08.19"]
[Round "8"]
[Board "13"]
[White "Navratil, Jiri"]
[Black "Kotva, Milan"]
[Result "1/2-1/2"]
[WhiteElo "1898"]
[BlackElo "1829"]
[PlyCount "0"]
[EventDate "2022.08.13"]
[EventRounds "9"]
[EventCountry "CZE"]

1. d4 {[%clk 1:27:07]} Nf6 {[%clk 1:30:48]} 2. Nf3 {[%clk 1:27:30]} c6
{[%clk 1:30:58]} 3. Bf4 {[%clk 1:27:54]} Qb6 {[%clk 1:30:16]} 4. Qc1
{[%clk 1:28:06]} d5 {[%clk 1:29:44]} 5. Nbd2 {[%clk 1:28:19]} Bf5
{[%clk 1:29:41]} 6. e3 {[%clk 1:28:37]} Nbd7 {[%clk 1:29:14]} 7. h3
{[%clk 1:28:52]} e6 {[%clk 1:28:16]} 8. Nh4 {[%clk 1:28:16]} Be7 {[%clk 1:28:03]}
9. Nxf5 {[%clk 1:28:39]} exf5 {[%clk 1:28:30]} 10. Bd3 {[%clk 1:28:35]} g6
{[%clk 1:23:40]} 11. a3 {[%clk 1:24:28]} Ne4 {[%clk 1:21:09]} 12. c3
{[%clk 1:23:05]} O-O {[%clk 1:15:51]} 13. f3 {[%clk 1:22:29]} Bh4+
{[%clk 1:15:43]} 14. Ke2 {[%clk 1:20:43]} Ng3+ {[%clk 1:12:16]} 15. Bxg3
{[%clk 1:21:04]} Bxg3 {[%clk 1:12:11]} 16. Nf1 {[%clk 1:20:02]} Qc7
{[%clk 1:07:12]} 17. f4 {[%clk 1:19:57]} Bh4 {[%clk 1:06:48]} 18. g3
{[%clk 1:20:16]} Bf6 {[%clk 1:03:37]} 19. g4 {[%clk 1:20:13]} Rfe8
{[%clk 0:59:43]} 20. gxf5 {[%clk 1:01:51]} Qxf4 {[%clk 0:59:32]} 21. fxg6
{[%clk 1:02:13]} fxg6 {[%clk 0:58:33]} 22. Rh2 {[%clk 1:01:41]} c5
{[%clk 0:54:16]} 23. Kd2 {[%clk 1:01:57]} Qd6 24. Qd1 cxd4 {[%clk 0:48:18]} 25.
exd4 {[%clk 0:54:01]} Rac8 {[%clk 0:41:32]} 26. Qg4 {[%clk 0:52:10]} Bg7
{[%clk 0:41:15]} 27. Re1 {[%clk 0:51:39]} Nf6 {[%clk 0:33:58]} 28. Qf3
{[%clk 0:47:57]} Rf8 {[%clk 0:33:38]} 29. Qg3 {[%clk 0:48:05]} Bh6+
{[%clk 0:33:51]} 30. Kc2 {[%clk 0:47:23]} Bf4 {[%clk 0:33:02]} 31. Qg2
{[%clk 0:43:46]} Bxh2 {[%clk 0:31:06]} 32. Nxh2 {[%clk 0:44:03]} Nh5
{[%clk 0:28:59]} 33. Ng4 {[%clk 0:40:23]} Kh8 {[%clk 0:23:51]} 34. Ne5
{[%clk 0:37:29]} Rf6 {[%clk 0:20:47]} 35. Qg4 {[%clk 0:32:28]} Rd8
{[%clk 0:17:11]} 36. Kb1 {[%clk 0:27:25]} Nf4 {[%clk 0:03:23]} 37. Bc2  1/2-1/2

[Event "Olomouc Chess Summer 2022 - D"]
[Site "Olomouc (CZE), Hotel Flora"]
[Date "2022.08.19"]
[Round "8"]
[Board "14"]
[White "Lemsom, Nico"]
[Black "Svub, Jan"]
[Result "0-1"]
[WhiteElo "1830"]
[BlackElo "1857"]
[PlyCount "0"]
[EventDate "2022.08.13"]
[EventRounds "9"]
[EventCountry "CZE"]

1. d4 {[%clk 1:30:31]} d5 2. c4 {[%clk 1:30:50]} e6 {[%clk 1:30:41]} 3. e3
{[%clk 1:31:04]} Nf6 {[%clk 1:29:19]} 4. Nf3 {[%clk 1:31:18]} c6 {[%clk 1:27:46]}
5. Qc2 {[%clk 1:29:21]} Bd6 {[%clk 1:23:38]} 6. b3 {[%clk 1:29:12]} Nbd7
{[%clk 1:22:37]} 7. Bb2 {[%clk 1:28:18]} Ne4 {[%clk 1:14:50]} 8. Nbd2
{[%clk 1:26:26]} f5 {[%clk 1:14:51]} 9. Bd3 {[%clk 1:26:39]} O-O {[%clk 1:10:31]}
10. O-O {[%clk 1:21:32]} Qf6 {[%clk 1:04:37]} 11. Rad1 {[%clk 1:13:18]} g5
{[%clk 1:02:46]} 12. Ne5 {[%clk 1:13:16]} Nxe5 {[%clk 1:02:18]} 13. dxe5
{[%clk 1:13:36]} Bxe5 {[%clk 1:02:37]} 14. Ba3 {[%clk 1:13:52]} Rf7
{[%clk 1:01:43]} 15. Bxe4 {[%clk 1:12:57]} fxe4 {[%clk 1:00:30]} 16. f4
{[%clk 1:08:58]} gxf4 {[%clk 0:55:06]} 17. exf4 {[%clk 1:09:05]} Bd4+
{[%clk 0:47:24]} 18. Kh1 {[%clk 1:09:20]} Bd7 {[%clk 0:46:56]} 19. Nxe4
{[%clk 1:03:15]} dxe4 {[%clk 0:45:11]} 20. Qxe4 {[%clk 1:03:00]} e5
{[%clk 0:44:53]} 21. Rf3 Bf5 {[%clk 0:40:43]} 22. Qe1 {[%clk 1:00:41]} e4
{[%clk 0:37:05]} 23. Rg3+ {[%clk 1:00:36]} Rg7 {[%clk 0:35:03]} 24. Rxg7+
{[%clk 0:51:12]} Qxg7 {[%clk 0:34:35]} 25. Bd6 {[%clk 0:48:43]} c5
{[%clk 0:30:01]} 26. b4 {[%clk 0:46:21]} b6 {[%clk 0:30:18]} 27. bxc5
{[%clk 0:46:35]} bxc5 {[%clk 0:30:35]} 28. Qa5 {[%clk 0:45:17]} Rc8
{[%clk 0:26:18]} 29. Rb1 {[%clk 0:32:27]} Qf6 {[%clk 0:24:53]} 30. Bb8
{[%clk 0:29:55]} e3 {[%clk 0:22:54]} 31. Rf1 {[%clk 0:25:19]} Rxb8
{[%clk 0:22:43]}  0-1

[Event "Olomouc Chess Summer 2022 - D"]
[Site "Olomouc (CZE), Hotel Flora"]
[Date "2022.08.19"]
[Round "8"]
[Board "15"]
[White "Gurtovoi, Borys"]
[Black "Fiala, Jiri"]
[Result "1/2-1/2"]
[WhiteElo "1701"]
[BlackElo "1853"]
[PlyCount "0"]
[EventDate "2022.08.13"]
[EventRounds "9"]
[EventCountry "CZE"]

1. e3 {[%clk 1:30:54]} e5 {[%clk 1:30:50]} 2. c4 {[%clk 1:31:10]} Nf6
{[%clk 1:31:02]} 3. Nc3 {[%clk 1:31:04]} Bb4 {[%clk 1:31:17]} 4. Nd5
{[%clk 1:31:12]} Bc5 {[%clk 1:31:22]} 5. a3 {[%clk 1:31:09]} a5 {[%clk 1:31:44]}
6. d4 {[%clk 1:30:31]} Nxd5 {[%clk 1:29:51]} 7. cxd5 {[%clk 1:30:32]} exd4
{[%clk 1:29:47]} 8. exd4 {[%clk 1:30:55]} Be7 {[%clk 1:28:52]} 9. Bf4
{[%clk 1:31:00]} O-O {[%clk 1:28:34]} 10. Bd3 {[%clk 1:31:05]} Bf6
{[%clk 1:27:59]} 11. Ne2 {[%clk 1:31:09]} d6 {[%clk 1:27:34]} 12. Qc2
{[%clk 1:31:10]} g6 {[%clk 1:25:40]} 13. h3 {[%clk 1:31:12]} Na6 {[%clk 1:25:34]}
14. O-O {[%clk 1:31:12]} Bd7 {[%clk 1:25:10]} 15. Be3 {[%clk 1:31:03]} c6
{[%clk 1:22:34]} 16. Qb3 {[%clk 1:28:22]} Rb8 {[%clk 1:20:19]} 17. Bf4
{[%clk 1:27:02]} Be8 {[%clk 1:19:41]} 18. Bh6 {[%clk 1:26:43]} Bg7
{[%clk 1:19:58]} 19. Bxg7 {[%clk 1:26:38]} Kxg7 {[%clk 1:20:20]} 20. Rac1
{[%clk 1:25:52]} Nc7 {[%clk 1:19:50]} 21. dxc6 {[%clk 1:24:37]} Bxc6
{[%clk 1:19:51]} 22. Ng3 {[%clk 1:23:27]} Nd5 {[%clk 1:18:25]}  1/2-1/2

[Event "Olomouc Chess Summer 2022 - D"]
[Site "Olomouc (CZE), Hotel Flora"]
[Date "2022.08.19"]
[Round "8"]
[Board "16"]
[White "Sedlak, Ludek"]
[Black "Zeman, Ladislav"]
[Result "1-0"]
[WhiteElo "1852"]
[BlackElo "1755"]
[PlyCount "0"]
[EventDate "2022.08.13"]
[EventRounds "9"]
[EventCountry "CZE"]

1. e4 {[%clk 1:30:57]} e5 {[%clk 1:30:55]} 2. Nf3 {[%clk 1:30:35]} Nc6
{[%clk 1:31:16]} 3. Bc4 {[%clk 1:30:55]} Be7 {[%clk 1:31:12]} 4. d4
{[%clk 1:27:55]} d6 {[%clk 1:27:09]} 5. h3 {[%clk 1:27:37]} Nf6 {[%clk 1:27:21]}
6. d5 {[%clk 1:18:15]} Nb8 {[%clk 1:27:41]} 7. Bd3 {[%clk 1:13:21]} a5
{[%clk 1:27:46]} 8. Nc3 {[%clk 0:55:33]} b6 {[%clk 1:27:26]} 9. Bb5+
{[%clk 0:52:08]} Nbd7 {[%clk 1:27:41]} 10. g3 {[%clk 0:45:42]} O-O
{[%clk 1:26:10]} 11. Nh4 {[%clk 0:41:49]} Nc5 {[%clk 1:24:52]} 12. Qe2
{[%clk 0:41:28]} a4 {[%clk 1:23:03]} 13. Nf5 {[%clk 0:39:29]} Bd7
{[%clk 1:21:30]} 14. Bxd7 {[%clk 0:39:27]} Qxd7 {[%clk 1:21:47]} 15. g4
{[%clk 0:39:23]} Kh8 {[%clk 1:14:34]} 16. Bd2 {[%clk 0:37:46]} g6
{[%clk 1:09:45]} 17. Nxe7 {[%clk 0:37:29]} Qxe7 {[%clk 1:10:00]} 18. Bg5
{[%clk 0:37:35]} Kg7 {[%clk 1:07:31]} 19. Qe3 Rfc8 {[%clk 1:06:00]} 20. O-O-O
{[%clk 0:36:46]} Qd7 {[%clk 1:06:03]} 21. Qf3 {[%clk 0:33:04]} Ne8
{[%clk 1:05:44]} 22. h4 {[%clk 0:32:06]} f6 {[%clk 1:04:38]} 23. Bd2
{[%clk 0:32:14]} b5 {[%clk 1:03:15]} 24. Ne2 {[%clk 0:29:31]} c6 {[%clk 1:03:35]}
25. Ng3 {[%clk 0:22:43]} cxd5 {[%clk 0:58:47]} 26. exd5 {[%clk 0:23:02]} Qc7
{[%clk 0:53:45]} 27. Kb1 {[%clk 0:20:53]} Nb3 {[%clk 0:51:01]} 28. Qd3
{[%clk 0:18:42]} Nxd2+ {[%clk 0:51:03]} 29. Rxd2 {[%clk 0:18:53]} b4
{[%clk 0:51:02]} 30. g5 {[%clk 0:17:49]} f5 {[%clk 0:50:23]} 31. h5
{[%clk 0:18:02]} Qc4 {[%clk 0:39:14]} 32. Qf3 {[%clk 0:12:49]} a3
{[%clk 0:34:37]} 33. b3 {[%clk 0:11:39]} Qc3 {[%clk 0:34:53]} 34. Qxc3
{[%clk 0:12:02]} Rxc3 {[%clk 0:35:19]} 35. h6+ {[%clk 0:11:27]} Kf7
{[%clk 0:35:26]} 36. Rh4 {[%clk 0:10:25]} Ra5 {[%clk 0:35:15]} 37. Rxb4
{[%clk 0:10:29]} Ra7 {[%clk 0:33:03]} 38. Rb6 {[%clk 0:03:21]} e4
{[%clk 0:32:34]} 39. Rc6 {[%clk 0:01:22]} Rxc6 {[%clk 0:30:36]} 40. dxc6
{[%clk 0:01:49]} Rc7 {[%clk 0:31:00]} 41. c4 {[%clk 0:28:53]} Rxc6
{[%clk 1:01:23]} 42. Ne2 {[%clk 0:28:45]} Rc5 {[%clk 0:59:37]} 43. Rd5
{[%clk 0:26:55]} Ke7 {[%clk 0:58:32]} 44. Nf4 {[%clk 0:27:02]} Rc8
{[%clk 0:51:54]} 45. Ra5 {[%clk 0:26:22]} Nf6 {[%clk 0:47:54]} 46. Ra7+
{[%clk 0:25:56]} Nd7 {[%clk 0:48:16]} 47. Rxa3 {[%clk 0:25:19]} Nf8
{[%clk 0:43:58]} 48. Ra7+ {[%clk 0:24:08]} Ke8 {[%clk 0:44:19]} 49. Kc2
{[%clk 0:24:11]} d5 {[%clk 0:44:40]} 50. Nxd5 {[%clk 0:24:27]} Ne6
{[%clk 0:45:05]} 51. Re7+ {[%clk 0:24:29]}  1-0